<?xml version="1.0" encoding="UTF-8"?>
<collection xmlns:xsi="http://www.w3.org/2001/XMLSchema-instance" xsi:schemaLocation="http://www.loc.gov/MARC21/slim http://www.loc.gov/standards/marcxml/schema/MARC21slim.xsd" xmlns="http://www.loc.gov/MARC21/slim">
 <record>
  <leader>00000ctm a22000003a 4500</leader>
  <controlfield tag="001">UP-8027390931314014322</controlfield>
  <controlfield tag="003">Buklod</controlfield>
  <controlfield tag="005">20180413090153.0</controlfield>
  <controlfield tag="006">m    |o  d |      </controlfield>
  <controlfield tag="007">ta</controlfield>
  <controlfield tag="008">180413s        xx     d     r    |||| u|</controlfield>
  <datafield tag="035" ind1=" " ind2=" ">
   <subfield code="a">(iLib)UPVIS-00054089571</subfield>
  </datafield>
  <datafield tag="037" ind1=" " ind2=" ">
   <subfield code="a">Gift</subfield>
  </datafield>
  <datafield tag="040" ind1=" " ind2=" ">
   <subfield code="a">VML/ess 4.13.18</subfield>
  </datafield>
  <datafield tag="041" ind1=" " ind2=" ">
   <subfield code="a">eng</subfield>
  </datafield>
  <datafield tag="090" ind1=" " ind2="0">
   <subfield code="a">LG 993.5 1997 B4 Y81</subfield>
  </datafield>
  <datafield tag="100" ind1="0" ind2=" ">
   <subfield code="a">Yu, Rosito D. Jr.</subfield>
  </datafield>
  <datafield tag="245" ind1="0" ind2="0">
   <subfield code="a">Preliminary study of the gonadal development of &quot;imbaw laki&quot;, Anodontia edentula (Linne, 1758).</subfield>
   <subfield code="c">Rosito D. Yu,Jr.</subfield>
  </datafield>
  <datafield tag="264" ind1=" " ind2="1">
   <subfield code="a">1997.</subfield>
  </datafield>
  <datafield tag="300" ind1=" " ind2=" ">
   <subfield code="a">vi, 33 leaves</subfield>
   <subfield code="b">illustrations, tables, graphs, and computer print out.</subfield>
  </datafield>
  <datafield tag="500" ind1=" " ind2=" ">
   <subfield code="a">Thesis (Undergraduate, Bachelor of Science in Biology) College of Arts and Sciences, University of the Philippines in the Visayas, Iloilo City.</subfield>
  </datafield>
  <datafield tag="520" ind1="3" ind2=" ">
   <subfield code="a">The study aimed (1) To gather preliminary information on the sexual maturation of Anodontia edentula by histological descriptions of the gonad, (2) To correlate shell size with stage of gonadal development , and (3) To determine the size range at which sexual maturity is attained.  (p)Eighty-one mud clams were obtained from Panubulon, Nueva Valencia, Guimaras and shell lenght, width, height, body and gonad weight were measured. The mud clams were categorized into Subclass 4 (60-70 mm) based on shell lenght.  Three to five gonads were randomly selected from each subclass, processed histologically into serial slide sections, and examined under the microscope. , Results suggest that Anodontia edentula is hermaphroditic and protandric such that the testicular region is sexually mature at shell lengths of 30mm or less, and the ovarian region at shell lengths of 50-60 mm.  The GSI is inversely related to shell lenght such that as shell length  increased, GSI decreased.  This attributed to the shrinkage of tissue as spawning and release of gametes progress.</subfield>
  </datafield>
  <datafield tag="650" ind1="1" ind2="0">
   <subfield code="a">Imbaw.</subfield>
  </datafield>
  <datafield tag="650" ind1=" " ind2="0">
   <subfield code="a">Anodotia Edentula.</subfield>
  </datafield>
  <datafield tag="720" ind1=" " ind2=" ">
   <subfield code="a">Formacion, Minda j.</subfield>
   <subfield code="e">Adviser.</subfield>
  </datafield>
  <datafield tag="852" ind1="0" ind2=" ">
   <subfield code="a">UPVIS</subfield>
   <subfield code="b">UPV-ML</subfield>
   <subfield code="h">LG 993.5 1997 B4 Y81</subfield>
  </datafield>
  <datafield tag="942" ind1=" " ind2=" ">
   <subfield code="a">Thesis</subfield>
  </datafield>
 </record>
</collection>
